| 000 | 00000nam##2200000za#4500 |
| 001 | 9.579380 |
| 003 | CaOODSP |
| 005 | 20210624190532 |
| 007 | cr ||||||||||| |
| 008 | 150406|2006||||xxc|||||o f|0| 0 eng|d |
| 022 | |a1488-5379 |
| 040 | |aCaOODSP|beng |
| 043 | |an-cn--- |
| 086 | 1 |aFs97-6/2450-4E-PDF |
| 110 | 1 |aCanada. |bDepartment of Fisheries and Oceans. |
| 245 | 12|aA scientific review of the potential environmental effects of aquaculture in aquatic ecosystems. Volume IV. / |h[electronic resource]|c[by] W.E. Tymchuk ... [et al.] |
| 260 | |aOttawa - Ontario : |bFisheries and Oceans Canada |c2006. |
| 300 | |a148p.|breferences |
| 490 | 1 |aCanadian technical report of fisheries and aquatic sciences|x1488-5379|vNo. 2450-4 |
| 500 | |aOn t. p. : Science Sector, Ottawa, Ontario. The catalogue number and ISSN for the print edition appear in the PDF version. |
| 520 | 3 |aContents: The role of genotype and environment in phenotypic differentiation among wild and cultured salmonids / W.E. Tymchuk, R.H. Devlin and R.E. Withler. -- Cultured and wild fish disease interactions in the Canadian marine environment / A.H. McVicar ... [et al.] -- Trophic interactions between finfish aquaculture and wild marine fish / M.R.S. Johannes. |
| 546 | |a(Résumé en français) |
| 590 | |a14-06-Supp|b2014-03-21 |
| 720 | 1 |aTymchuk, W. E. |
| 830 | #0|aCanadian technical report of fisheries and aquatic sciences,|x1488-5379|vNo. 2450-4|w(CaOODSP)9.504449 |
| 856 | 40|ahttp://publications.gc.ca|qPDF|s1206 KB|uhttps://publications.gc.ca/collections/collection_2014/mpo-dfo/Fs97-6-2450-4-eng.pdf|yNo. 2450-4 |